Evaluación e informe psicopedagógico / (Record no. 82363)

MARC details
000 -CABECERA
campo de control de longitud fija 00691nam a2200229 a 4500
005 - FECHA Y HORA DE LA ÚLTIMA TRANSACCIÓN
campo de control 20260415064206.0
008 - ELEMENTOS DE LONGITUD FIJA--INFORMACIÓN GENERAL
campo de control de longitud fija 010615s1998 mx r 000 0 spa d
020 ## - NÚMERO INTERNACIONAL NORMALIZADO PARA LIBROS
Número Internacional Estándar del Libro 8489967067 v.1
-- 8489967679 v.2
035 ## - NÚMERO DE CONTROL DEL SISTEMA
Número de control de sistema UPN01000108451
049 ## - COLECCIÓN
Colección CG
050 #4 - SIGNATURA TOPOGRÁFICA DE LA BIBLIOTECA DEL CONGRESO
Número de clasificación LB1051
Número de documento/Ítem G3.3 1998
100 1# - ASIENTO PRINCIPAL--NOMBRE PERSONAL
Nombre de persona García Vidal, Jesús
9 (RLIN) 31197
245 10 - MENCIÓN DE TÍTULO
Título Evaluación e informe psicopedagógico /
Mención de responsabilidad, etc. J.G. Vidal, D.G. Manjón.
250 ## - MENCIÓN DE EDICIÓN
Mención de edición 3a ed.
260 ## - PUBLICACIÓN, DISTRIBUCIÓN, ETC.
Lugar de publicación, distribución, etc. Madrid :
Nombre del editor, distribuidor, etc. EOS,
Fecha de publicación, distribución, etc. 1998.
300 ## - DESCRIPCIÓN FÍSICA
Extensión 2 vols.
650 #4 - ASIENTO SECUNDARIO DE MATERIA - TERMINO TEMATICO
Término de materia o nombre geográfico como elemento de entrada Psicopedagogía
9 (RLIN) 5085
650 #2 - ASIENTO SECUNDARIO DE MATERIA - TERMINO TEMATICO
Término de materia o nombre geográfico como elemento de entrada Evaluación psicológica
9 (RLIN) 8411
650 #4 - ASIENTO SECUNDARIO DE MATERIA - TERMINO TEMATICO
Término de materia o nombre geográfico como elemento de entrada Evaluación educativa
9 (RLIN) 4298
700 1# - ASIENTO SECUNDARIO--NOMBRE DE PERSONAL
Nombre de persona González Manjón, Daniel,
Término indicativo de función/relación coaut.
9 (RLIN) 28884
905 ## - TIPO DE MATERIAL
Tipo de material Libro
Holdings
Estado de retiro Estado de pérdida Fuente del sistema de clasificación o colocación Estado dañado Restricciones de uso No para préstamo Código de colección Localización permanente Ubicación/localización actual Ubicación en estantería Fecha de adquisición Enumeración/cronología de publicación seriada Total de préstamos Clasificación Código de barras Fecha visto por última vez Número de copia Tipo de ítem Koha Renovaciones totales Fecha del último préstamo
    Library of Congress Classification   Préstamo por horas   Bibliografía básica Bib. Gregorio Torres Quintero Bib. Gregorio Torres Quintero Colecciones especiales Planta alta 30/01/2023 v.2 32 LB1051 G3.3 1998 264721 31/12/2020 1 Libro por horas    
    Library of Congress Classification       Colección General Bib. Gregorio Torres Quintero Bib. Gregorio Torres Quintero Planta baja 12/09/2023 v.1 10 LB1051 G3.3 1998 222870 20/05/2024 1 Libro 1 16/04/2024
    Library of Congress Classification       Colección General Bib. Gregorio Torres Quintero Bib. Gregorio Torres Quintero Planta baja   v.2 47 LB1051 G3.3 1998 222867 31/12/2020 1 Libro    
    Library of Congress Classification       Colección General Bib. Gregorio Torres Quintero Bib. Gregorio Torres Quintero Planta baja 22/03/2022 v.2 59 LB1051 G3.3 1998 222868 29/03/2022 1 Libro 1 22/03/2022
    Library of Congress Classification       Colección General Bib. Gregorio Torres Quintero Bib. Gregorio Torres Quintero Planta baja 20/02/2023 v.2 47 LB1051 G3.3 1998 240282 20/05/2024 1 Libro 1 16/04/2024
    Library of Congress Classification       Colección General Bib. Gregorio Torres Quintero Bib. Gregorio Torres Quintero Planta baja 22/03/2022 v.1 59 LB1051 G3.3 1998 222869 29/03/2022 1 Libro 1 22/03/2022
    Library of Congress Classification       Colección General Bib. Gregorio Torres Quintero Bib. Gregorio Torres Quintero Planta baja   v.1 95 LB1051 G3.3 1998 170214 31/12/2020 1 Libro    
    Library of Congress Classification       Colección General Bib. Gregorio Torres Quintero Bib. Gregorio Torres Quintero Planta baja 28/04/2023 v.1 48 LB1051 G3.3 1998 170213 03/05/2023 1 Libro   28/04/2023
    Library of Congress Classification       Colección General Bib. Gregorio Torres Quintero Bib. Gregorio Torres Quintero Planta baja 22/03/2022 v.1 39 LB1051 G3.3 1998 264720 21/06/2024 1 Libro 2 20/05/2024
    Library of Congress Classification       Colección General Bib. Gregorio Torres Quintero Bib. Gregorio Torres Quintero Planta baja 22/03/2022 v.2 50 LB1051 G3.3 1998 240281 05/08/2024 1 Libro 2 29/06/2024